000 00386nam a22001337a 4500
999 _c115338
_d115338
005 20220113153700.0
008 191231b ||||| |||| 00| 0 eng d
040 _cPK-LaUMT
082 _a346.00264
_bUNC-
245 _aUnclassified cases [UC, Vol. XXVII, 2006]
_cedited by M. Farani. . .[et al.]
260 _aLahore:
_bNational Law Reporter,
_c2006
300 _a1144 p.
942 _cLPJ